|
|
|
|
| LEADER |
00000cam a2200000 7i4500 |
| 001 |
0000003995 |
| 005 |
20130815.0 |
| 020 |
0 |
0 |
|a 9789839269536
|
| 090 |
0 |
0 |
|a 338.1781609595
|b POH 2006
|
| 100 |
1 |
0 |
|a Poh, Lye Yong
|
| 245 |
1 |
0 |
|a Ecomonic valuation of honey bees: :
|b Peninsular Malaysia
|c Poh Lye Yong, Mohd. Shahwahid Hj. Othman
|
| 260 |
0 |
0 |
|a Kuala Lumpur :
|b Jabatan Perhutanan Semenanjung Malaysia ,
|c 2006
|
| 300 |
|
|
|a 120 p. :
|b ill.col. ;
|c 25 cm.
|
| 500 |
0 |
0 |
|a Includes index
|
| 650 |
0 |
0 |
|a Bee products industry
|z Malaysia
|
| 650 |
0 |
0 |
|a Honey trade
|z Malaysia
|
| 700 |
0 |
1 |
|a Mohd. Shahwahid Hj. Othman
|
| 998 |
|
|
|a JPSM
|
| 999 |
|
|
|a 007807
|b Monograph
|c Open Shelf
|e Default branch
|